► Missing Word: Sherlock Holmes Titles (A-Z) Quiz Stats

 Plays Quiz not verified by Sporcle

Score 0/20 Timer 03:00
1 Play Today
Hint Answer % Correct
The _____ of the BaskervillesHound
96.7%
A Study in _____Scarlet
85.5%
The Man _____ the Twisted Lipwith
85.3%
The Sign of the _____Four
77.9%
A Scandal in _____Bohemia
72.7%
The Five _____ PipsOrange
71.5%
The Final _____Problem
66.3%
The Adventure of the Red-Headed _____League
62.8%
The Adventure of the _____ InterpreterGreek
61.2%
The Adventure of the _____ FaceYellow
61.2%
Hint Answer % Correct
The _____ of FearValley
59.9%
The _____ of Black PeterAdventure
58.1%
The Adventure of the _____ CircleRed
53.1%
The Adventure of the _____ HouseEmpty
50%
The Boscombe Valley _____Mystery
49.8%
The Adventure of the _____'s FootDevil
48.8%
The Adventure of the Engineer's _____Thumb
47.5%
The Adventure of the Six _____Napoleons
44.8%
A Case of _____Identity
42.8%
The Adventure of the _____ ManCrooked
39.7%

You're not logged in!

Compare scores with friends on all Sporcle quizzes.
OR
Log In

Sporcle TV

Today on Sporcle TV


Watch our educational content, quiz creation guides, and fun videos on Sporcle TV.

Show Comments

Extras

Top Quizzes Today


Score Distribution

Your Account Isn't Verified!

In order to create a playlist on Sporcle, you need to verify the email address you used during registration. Go to your Sporcle Settings to finish the process.

Report this User

Report this user for behavior that violates our Community Guidelines.

Details: